عرض عادي
عرض مارك
- Information society
دخول Topical Term
001 - CONTROL NUMBER
- control field: 25319
003 - CONTROL NUMBER IDENTIFIER
- control field: AE-AdECS
005 - DATE AND TIME OF LATEST TRANSACTION
- control field: 20260120103644.0
008 - FIXED-LENGTH DATA ELEMENTS
- fixed length control field: 260120|| aca||aabn | a|a d
040 ## - CATALOGING SOURCE
- Original cataloging agency: AE-AdECS
- Transcribing agency: AE-AdECS
150 ## - HEADING--TOPICAL TERM
- Topical term or geographic name entry element: Information society
- General subdivision: Economic aspects
670 ## - SOURCE DATA FOUND
- Source citation: Work cat.: (AE-AdECS)293793: Kollnig, Konrad, author. 25315, The App Economy :
